| 000 | 01286nam a22003017a 4500 | ||
|---|---|---|---|
| 005 | 20160315125857.0 | ||
| 008 | 160315b2014 sz ado fr|||| 001 0 spa d | ||
| 040 |
_aCO-BoIAVH _cCO-BoIAVH |
||
| 041 | 0 | _aspa | |
| 044 | _asz | ||
| 082 | 0 | 4 |
_a333.72068 _bB73g |
| 100 | 1 | _aBorrini Feyerabend, Grazia | |
| 245 | 1 | 0 |
_aGobernanza de áreas protegidas _bde la comprensión a la acción / _cGrazia Borrini Feyerabend [y otros 6] |
| 260 |
_aGland (Suiza) : _bUnión Internacional para la Conservación de la Naturaleza y los Recursos Naturales, _cc2014. |
||
| 300 |
_axvi, 123 páginas : _bilustraciones a color, tablas y fotografías a color ; _c30 x 21 centímetros |
||
| 504 | _aIncluye referencias bibliográficas: páginas 117-123. | ||
| 650 | 1 | 4 |
_aÁreas protegidas _xGobernanza |
| 650 | 1 | 6 |
_aReservas naturales _xGobernancia |
| 650 | 2 | 6 |
_aReservas naturales _xconservación _xGobernancia |
| 650 | 2 | 6 |
_aReservas naturales _xmetodologías _xGobernancia |
| 700 | 1 |
_aDudley, Nigel _eautor |
|
| 700 | 1 |
_aJaeger, Tilman _eautor |
|
| 700 | 1 |
_aLassen, Barbara _eautora |
|
| 700 | 1 |
_aPathak Broome, Neema _eautora |
|
| 700 | 1 |
_aPhilips, Adrian _eautor |
|
| 700 | 1 |
_aSandwith, Trevor _eautor |
|
| 942 |
_2ddc _cLIBRO |
||
| 999 |
_c18213 _d18213 |
||